Letras profanas und letras divinas im Widerstreit : (Registro nro. 97103)
[ vista simple ]
| 000 -LEADER | |
|---|---|
| campo de control de longitud fija | 04316nam a2200409 i 4500 |
| 001 - NÚMERO DE CONTROL | |
| campo de control | 97103 |
| 003 - IDENTIFICADOR DE NÚMERO DE CONTROL | |
| campo de control | FINmELB |
| 005 - FECHA Y HORA DE LA ÚLTIMA TRANSACCIÓN | |
| campo de control | 20241217172638.0 |
| 006 - CÓDIGOS DE INFORMACIÓN DE LONGITUD FIJA--CARACTERÍSTICAS DEL MATERIAL ADICIONAL | |
| campo de control de longitud fija | m o u |
| 007 - CAMPO FIJO DE DESCRIPCIÓN FÍSICA--INFORMACIÓN GENERAL | |
| campo de control de longitud fija | cr cn||||||||| |
| 008 - DATOS DE LONGITUD FIJA--INFORMACIÓN GENERAL | |
| campo de control de longitud fija | 220708s2006 gw ob 000 0 ger d |
| 020 ## - NÚMERO INTERNACIONAL ESTÁNDAR DEL LIBRO | |
| Número Internacional Estándar del Libro | 3865273114 |
| 020 ## - NÚMERO INTERNACIONAL ESTÁNDAR DEL LIBRO | |
| Número Internacional Estándar del Libro | 9783865273116 |
| 035 ## - NÚMERO DE CONTROL DEL SISTEMA | |
| Número de control de sistema | (OCoLC)1336966530 |
| 040 ## - FUENTE DE CATALOGACIÓN | |
| Centro catalogador/agencia de origen | FINmELB |
| Lengua de catalogación | spa |
| Normas de descripción | rda |
| Centro/agencia transcriptor | FINmELB |
| 041 0# - CÓDIGO DE IDIOMA | |
| Código de lengua del texto/banda sonora o título independiente | ger |
| 050 00 - SIGNATURA TOPOGRÁFICA DE LA BIBLIOTECA DEL CONGRESO | |
| Número de clasificación | PQ6222 |
| Número de ítem | .J475 2006 |
| 080 ## - NÚMERO DE LA CLASIFICACIÓN DECIMAL UNIVERSAL | |
| Número de la Clasificación Decimal Universal | 821.134.2 |
| 082 04 - NÚMERO DE LA CLASIFICACIÓN DECIMAL DEWEY | |
| Número de clasificación | 862.05230803 |
| Información de edición | 23 |
| 100 1# - ENTRADA PRINCIPAL--NOMBRE DE PERSONA | |
| Nombre de persona | Jeske, Claire-Marie, |
| Término indicativo de función/relación | autor. |
| 245 10 - MENCIÓN DEL TÍTULO | |
| Título | Letras profanas und letras divinas im Widerstreit : |
| Resto del título | die debatte um die moralische Zulässigkeit des Theaters im spanischen Barock / |
| Mención de responsabilidad, etc. | Claire-Marie Jeske. |
| 264 #1 - PRODUCCIÓN, PUBLICACIÓN, DISTRIBUCIÓN, FABRICACIÓN Y COPYRIGHT | |
| Producción, publicación, distribución, fabricación y copyright | Frankfurt am main : |
| Nombre del de productor, editor, distribuidor, fabricante | Vervuert Verlag, |
| Fecha de producción, publicación, distribución, fabricación o copyright | 2006. |
| 300 ## - DESCRIPCIÓN FÍSICA | |
| Extensión | 1 recurso en línea (525 páginas) |
| 336 ## - TIPO DE CONTENIDO | |
| Término de tipo de contenido | texto |
| Código de tipo de contenido | txt |
| Fuente | rdacontent/spa |
| 337 ## - TIPO DE MEDIO | |
| Nombre/término del tipo de medio | computadora |
| Código del tipo de medio | c |
| Fuente | rdamedia/spa |
| 338 ## - TIPO DE SOPORTE | |
| Nombre/término del tipo de soporte | recurso en línea |
| Código del tipo de soporte | cr |
| Fuente | rdacarrier/spa |
| 504 ## - NOTA DE BIBLIOGRAFÍA, ETC. | |
| Nota de bibliografía, etc. Nota | Bibliografía: páginas [475]-513. |
| 505 0# - NOTA DE CONTENIDO CON FORMATO | |
| Nota de contenido con formato | Legal -- Inhaltsverzeichnis -- Vorwort -- I. Forschungsstand und interpretativer Neuansatz: die Debatte um die moralische Zulässigkeit des Theaters als Ausdruck der Konkurrenz zweier Systeme der Weltdeutung -- II. Das Freizeitproblem in der theologischen Debatte: die Begrenztheit der Lebenszeit und ihr rechter Gebrauch -- III. Religiöse und profane Kultur: Assimilierung und Distanzierung - Interferenz und Konkurrenz -- IV. Grundlagen der Theaterkritik des Siglo de Oro: die Kirchenväter und die Scholastik -- V. Spanische Theaterkritik im Siglo de Oro: Theatergegner und Theaterverteidiger -- V, I. Juan de Mariana: Tratado contra los juegos públicos. Ein Appell an den Monarchen -- V, II. Pedro de Guzmán: Bienes de el honesto trabaio, y daños de la ociosidad. Theaterkritik als Teil der Frömmigkeitsliteratur -- V, III. Pedro Puente Hurtado de Mendoza: De spe et charitate. Eine moraltheologische Abhandlung zur Klassifikation der Sünden -- V, IV. Diego de Vieh: Breve discurso. Plädoyer eines Laien für die Eigenverantwortung des Menschen -- V, V. Manuel de Guerra y Ribera: Aprobación. Theaterverteidigung eines Trinitariers zur Genehmigung der Verdadera Quinta Parte von Calderóns Comedias -- V, VI. Agustin de Herrera: Discvrso teologico, y politico. Ein moraltheologischer Traktat gegen Guerra zur Verteidigung der jesuitischen Theaterfeindlichkeit -- V, VII. Pedro de Fomperosa y Quintana: El Bven Zelo. Ein moraltheologischer Traktat eines jesuitischen Theaterautors gegen Guerra und die zeitgenössische Comedia -- V, VIII. Pedro de Fomperosa y Quintana: La Evtrapelia. Erneute Replik auf Guerra und auf Tomás de Guzmán -- V, IX. Manuel de Guerra y Ribera: Apelación al tribunal de los doctos. Eine Schrift zur Verteidigung der theologischen Lehrmeinung -- V, X. Gonzalo Navarro Castellanos: Discvrsospolíticos, y morales. Humanistische Abhandlung eines Priesters gegen die zeitgenössische Comedia -- V, XI. Ignacio de Camargo: Discvrso theologico sobre los theatros, y comedias de este siglo. Theaterkritik eines jesuitischen Predigers und Volksmissionars -- V, XII. Francisco Antonio de Bances y López Candamo: Theatro de los theatros de los passados y presentes siglos. Theaterverteidigung und Regelpoetik eines zeitgenössischen Theaterautors -- VI. Die Debatte um die Zulässigkeit des Theaters als Reaktion auf den Säkularisierungsprozess der frühen Neuzeit: Ergebnisse, Konsequenzen und Forschungsausblick -- VII. Appendix: Liste der an der Guerra-Debatte beteiligten Autoren und Werke -- VIII. Literaturverzeichnis -- IX. Verzeichnis der Abkürzungen -- X. Verzeichnis der Abbildungen und Bildnachweise -- XI. Index nominum. |
| 588 ## - NOTA DE FUENTE DE LA DESCRIPCIÓN | |
| Nota de fuente de la descripción | Descripción basada en metadatos suministrados por el editor y otras fuentes. |
| 590 ## - NOTA LOCAL (RLIN) | |
| Nota local | Recurso electrónico. Santa Fe, Arg.: elibro, 2022. Disponible vía World Wide Web. El acceso puede estar limitado para las bibliotecas afiliadas a elibro. |
| 650 #4 - PUNTO DE ACCESO ADICIONAL DE MATERIA--TÉRMINO DE MATERIA | |
| Término de materia o nombre geográfico como elemento de entrada | Teatro español |
| Subdivisión cronológica | S.XVII |
| Subdivisión general | Historia y crítica. |
| 650 #4 - PUNTO DE ACCESO ADICIONAL DE MATERIA--TÉRMINO DE MATERIA | |
| Término de materia o nombre geográfico como elemento de entrada | Literatura española |
| Subdivisión cronológica | S.XVI-XVII |
| Subdivisión general | Historia y crítica. |
| 650 #0 - PUNTO DE ACCESO ADICIONAL DE MATERIA--TÉRMINO DE MATERIA | |
| Término de materia o nombre geográfico como elemento de entrada | Spanish drama |
| Subdivisión cronológica | Classical period, 1500-1700 |
| Subdivisión general | Criticism and interpretation. |
| 655 #4 - TERMINO DE INDIZACIÓN--GENERO/FORMA | |
| Datos o término principal de género/forma | Libros electrónicos. |
| 797 2# - PUNTO DE ACCESO ADICIONAL LOCAL--NOMBRE DE ENTIDAD CORPORATIVA (RLIN) | |
| Nombre de entidad corporativa o nombre de jurisdicción como elemento de entrada | elibro, Corp. |
| 856 40 - LOCALIZACIÓN Y ACCESO ELECTRÓNICOS | |
| Identificador Uniforme de Recurso | <a href="https://elibro.net/ereader/politecnicointernacional/203831">https://elibro.net/ereader/politecnicointernacional/203831</a> |
No hay ítems disponibles.